000 00512nam a2200169 a 4500
005 20140310183210.0
008 030224s19uu xx 00 eng d
050 _aRC 683.5.R33
_b.B67 1980
100 _aBotvinick, Elias H.
245 _aNuclear cardiology :
_bclinical applications /
_cElias H. Botvinick.
260 _aLondon :
_bWilliams & Wilkins,
_c1980.
300 _a255 p. :
_bill. ;
_c27 cm.
521 _aNUR
650 _aHeart
_xdiseases
_xdiagnosis
_xcases
942 _cBK
_2lcc
_kFOR
999 _c20109
_d20109